Normal view MARC view
  • Arulampalam, Stephen

Entry NOMBRE PERSONAL

Number of records used in: 1

001 - NUMERO DE CONTROL DEL REGISTRO

  • Campo de control: 121110

003 - IDENTIFICADOR DEL NÚMERO DE CONTROL

  • Campo de control: ES-SlBCS

005 - FECHA Y HORA DE LA ÚLTIMA TRANSACCIÓN

  • Campo de control: 20210327224319.0

008 - ELEMENTOS DE LONGITUD FIJA

  • Campos de control de longitud fija: 210327|| aca||aabn | a|a d

040 ## - FUENTE DE LA CATALOGACIÓN

  • Agencia que crea de manera original el registro: ES-SlBCS
  • Agencia que realiza la transcripción: ES-SlBCS

100 ## - ENCABEZAMIENTO - NOMBRE PERSONAL

  • Nombre personal: Arulampalam, Stephen

670 ## - FUENTE EN LA QUE SE LOCALIZARON DATOS

  • Cita de la fuente: Work cat.: (ES-SlBCS)490798: Arulampalam, Stephen, Vivir juntos en la casa de Dios desde la perspectiva de la persona discapacitada

Bibliotecas Dominicos Provincia Hispania, 2016

Con tecnología Koha